[Event "Torquay Walker Minor op"]
[Site "Torquay"]
[Date "2019.09.02"]
[Round "2"]
[White "Miles, Barry S"]
[Black "Stone, Mark R"]
[Result "1/2-1/2"]
[WhiteElo "1485"]
[BlackElo "1589"]
[PlyCount "109"]
[EventDate "2019.09.01"]
[EventType "swiss"]
[EventRounds "7"]
[EventCountry "ENG"]
[SourceTitle "CBM 192 Extra"]
[Source "Chessbase"]
[SourceDate "2019.11.06"]
[SourceVersion "1"]
[SourceVersionDate "2019.11.06"]
[SourceQuality "1"]

1. d4 d5 2. c4 c6 3. Nc3 Nf6 4. e3 a6 5. c5 Bf5 6. Bd3 Bxd3 7. Qxd3 Nbd7 8. Nf3 g6 9. 0-0 Bg7 10. Rb1 0-0 11. Bd2 Qc7 12. h3 Rad8 13. b4 e5 14. Nxe5 Nxe5 15. dxe5 Qxe5 16. Ne2 Ne4 17. Bc1 f5 18. Bb2 Qe7 19. Bxg7 Kxg7 20. Rb2 Ng5 21. Rd2 Ne6 22. Qc3+ Qf6 23. Qxf6+ Rxf6 24. Nd4 Re8 25. a4 Nxd4 26. Rxd4 Rfe6 27. Rb1 Re4 28. b5 axb5 29. axb5 Rxd4 30. exd4 Kf6 31. f3 f4 32. Kf2 g5 33. bxc6 bxc6 34. Rb6 Re6 35. g3 fxg3+ 36. Kxg3 Kf5 37. Rb7 h6 38. Rb6 h5 39. Rb8 Rf6 40. h4 gxh4+ 41. Kxh4 Kf4 42. Kxh5 Kxf3 43. Kg5 Rf4 44. Rb6 Rxd4 45. Rxc6 Rc4 46. Rf6+ Ke3 47. c6 d4 48. Re6+ Kd2 49. Rd6 d3 50. Kf5 Kc2 51. Ke5 Rc5+ 52. Ke6 d2 53. Rxd2+ Kxd2 54. Kd6 Rh5 55. c7 1/2-1/2

[Event "Torquay Paignton Bloodworth op"]
[Site "Torquay"]
[Date "2018.09.04"]
[Round "3"]
[White "Doherty, Paul D"]
[Black "Stone, Mark R"]
[Result "1-0"]
[WhiteElo "141"]
[BlackElo "120"]
[PlyCount "81"]
[EventDate "2018.09.02"]
[EventType "swiss"]
[EventRounds "7"]
[EventCountry "ENG"]
[SourceTitle "CBM 187 Extra"]
[Source "ChessBase"]
[SourceDate "2018.11.04"]
[SourceVersion "1"]
[SourceVersionDate "2018.11.04"]
[SourceQuality "1"]

1. c4 e5 2. d3 Nf6 3. Nf3 Nc6 4. a3 d5 5. cxd5 Nxd5 6. b4 f6 7. e4 Nb6 8. Bb2 Be6 9. Nbd2 Be7 10. Be2 0-0 11. 0-0 a6 12. Rc1 Rc8 13. Nb3 Nd7 14. d4 Nxd4 15. Nbxd4 exd4 16. Nxd4 Bf7 17. Nf5 Re8 18. Nxe7+ Qxe7 19. Bg4 Be6 20. Be2 Red8 21. Qc2 Nb6 22. f4 c6 23. Bd3 Qf7 24. Rf3 Bb3 25. Qf2 Bc4 26. Bc2 Nd7 27. e5 f5 28. Rg3 Be6 29. Rd1 Nf8 30. Rgd3 Qe7 31. Bd4 Nd7 32. Qd2 Rf8 33. Bf2 Nb8 34. Bc5 Qc7 35. Bxf8 Rxf8 36. Rd8 Qe7 37. Rxf8+ Kxf8 38. Qd8+ Kf7 39. Qxb8 h6 40. Qd8 Qxd8 41. Rxd8 1-0

[Event "BCF-ch Seniors 50 U150 /1750"]
[Site "Bournemouth"]
[Date "2016.07.28"]
[Round "4"]
[White "Stone, Mark R"]
[Black "Gunn, Michael J"]
[Result "0-1"]
[WhiteElo "1607"]
[BlackElo "1647"]
[PlyCount "128"]
[EventDate "2016.07.25"]
[EventType "swiss"]
[EventRounds "5"]
[EventCountry "ENG"]
[SourceTitle "EXT 2019"]
[Source "ChessBase"]
[SourceDate "2018.10.10"]
[SourceVersion "1"]
[SourceVersionDate "2018.10.10"]
[SourceQuality "1"]

1. e4 c6 2. d4 d5 3. exd5 cxd5 4. c4 Nf6 5. Nc3 e6 6. Nf3 g6 7. cxd5 Nxd5 8. Bd3 Bg7 9. 0-0 0-0 10. Re1 Nc6 11. Be4 Nxc3 12. bxc3 Qc7 13. Bxc6 Qxc6 14. Qc2 b6 15. Ne5 Qd5 16. Qb3 Bb7 17. Qxd5 Bxd5 18. c4 Bxe5 19. Rxe5 Bxc4 20. Re1 b5 21. a3 a6 22. Bf4 f6 23. Bd6 Rf7 24. Rec1 Rd7 25. Bc5 Kf7 26. a4 Rc8 27. axb5 axb5 28. f4 e5 29. fxe5 fxe5 30. Ra7 Rxa7 31. Bxa7 e4 32. Kf2 Ra8 33. Bc5 Ra2+ 34. Ke3 Rxg2 35. Kxe4 Kf6 36. Ra1 Re2+ 37. Kf4 g5+ 38. Kg3 h5 39. Rf1+ Ke6 40. Ra1 Re3+ 41. Kg2 Re2+ 42. Kg3 Kd5 43. h4 Re4 44. hxg5 Rg4+ 45. Kh2 Rxg5 46. Ra8 Ke4 47. Rf8 Bd5 48. Rf6 Rg4 49. Kh3 Ke3 50. Rf5 Bg2+ 51. Kh2 Bf3 52. d5+ Ke4 53. Rf8 Kxd5 54. Rxf3 Kxc5 55. Rf5+ Kc4 56. Rxh5 b4 57. Rf5 Kb3 58. Rb5 Kc3 59. Rf5 b3 60. Rf3+ Kb2 61. Rf2+ Ka3 62. Rf3 Ka2 63. Rf2+ b2 64. Rd2 Ka1 0-1

[Event "Crawley e2e4 Gatwick op U1850"]
[Site "Crawley"]
[Date "2016.05.30"]
[Round "7"]
[White "Stone, Mark R"]
[Black "Chadwick, Susan E"]
[Result "1-0"]
[WhiteElo "1589"]
[BlackElo "1436"]
[PlyCount "67"]
[EventDate "2016.05.27"]
[EventType "swiss"]
[EventRounds "7"]
[EventCountry "ENG"]
[SourceTitle "EXT 2019"]
[Source "ChessBase"]
[SourceDate "2018.10.10"]
[SourceVersion "1"]
[SourceVersionDate "2018.10.10"]
[SourceQuality "1"]

1. e4 c5 2. Nf3 d6 3. Bb5+ Nc6 4. 0-0 a6 5. Bxc6+ bxc6 6. c3 Nf6 7. Re1 e5 8. d4 cxd4 9. cxd4 Bg4 10. Qa4 Bd7 11. Qc2 Qb8 12. dxe5 dxe5 13. Bg5 Be7 14. Nbd2 0-0 15. Nc4 Bb4 16. Re3 Bd6 17. Bxf6 gxf6 18. Rd3 Bg4 19. Rxd6 Bxf3 20. gxf3 Kh8 21. Kh1 Rg8 22. Rxf6 Qf8 23. Nxe5 Ra7 24. Ng4 Rg6 25. Rxg6 fxg6 26. Qc3+ Rg7 27. Rd1 Qe7 28. Qd4 a5 29. Nh6 Qf8 30. Qd8 Rf7 31. Nxf7+ Kg7 32. Qxf8+ Kxf8 33. Rd7 Ke8 34. Ra7 1-0

[Event "Crawley e2e4 Gatwick op U1850"]
[Site "Crawley"]
[Date "2016.05.29"]
[Round "5"]
[White "Stone, Mark R"]
[Black "Homolka, Vincent"]
[Result "1/2-1/2"]
[WhiteElo "1589"]
[BlackElo "1818"]
[PlyCount "42"]
[EventDate "2016.05.27"]
[EventType "swiss"]
[EventRounds "7"]
[EventCountry "ENG"]
[SourceTitle "EXT 2019"]
[Source "ChessBase"]
[SourceDate "2018.10.10"]
[SourceVersion "1"]
[SourceVersionDate "2018.10.10"]
[SourceQuality "1"]

1. e4 d5 2. exd5 Qxd5 3. Nc3 Qa5 4. d4 Nf6 5. Nf3 Bf5 6. Bc4 c6 7. 0-0 e6 8. Re1 Nbd7 9. Bd2 Qc7 10. Qe2 0-0-0 11. a3 Nb6 12. Ba2 Bd6 13. b4 Nfd5 14. Ne4 Bxe4 15. Qxe4 Bf4 16. Bxf4 Qxf4 17. Qxf4 Nxf4 18. g3 Nfd5 19. Bxd5 cxd5 20. Ne5 Rhf8 21. a4 Nc4 1/2-1/2

[Event "Crawley e2e4 Gatwick op U1850"]
[Site "Crawley"]
[Date "2016.05.27"]
[Round "1"]
[White "Stanners, Michael J"]
[Black "Stone, Mark R"]
[Result "1/2-1/2"]
[WhiteElo "1810"]
[BlackElo "1589"]
[PlyCount "158"]
[EventDate "2016.05.27"]
[EventType "swiss"]
[EventRounds "7"]
[EventCountry "ENG"]
[SourceTitle "EXT 2019"]
[Source "ChessBase"]
[SourceDate "2018.10.10"]
[SourceVersion "1"]
[SourceVersionDate "2018.10.10"]
[SourceQuality "1"]

1. d4 d5 2. e3 Nf6 3. Bd3 c5 4. c3 Nc6 5. Nf3 Bg4 6. Nbd2 e6 7. 0-0 Bd6 8. h3 Bh5 9. Be2 0-0 10. a4 b6 11. b3 Bg6 12. Bb2 cxd4 13. exd4 Ne4 14. Nxe4 Bxe4 15. Nd2 Bg6 16. Bb5 Ne7 17. Qe2 Rc8 18. Rac1 Nc6 19. Bd3 Bxd3 20. Qxd3 Qe7 21. b4 Rfd8 22. Nf3 f6 23. Rfe1 Bf4 24. Rcd1 Qd6 25. Qe2 Re8 26. g3 Bh6 27. Qd3 Rcd8 28. Bc1 Bxc1 29. Rxc1 e5 30. dxe5 fxe5 31. Qd2 e4 32. Nd4 Ne5 33. Ra1 Rf8 34. Re2 Qf6 35. a5 Nf3+ 36. Nxf3 Qxf3 37. axb6 axb6 38. Qe3 Qxe3 39. Rxe3 d4 40. Rxe4 dxc3 41. Rc4 Rd2 42. Rxc3 Rdxf2 43. Rac1 Rb2 44. R3c2 Rxb4 45. Kg2 h6 46. h4 Rb3 47. Rc3 Rb2+ 48. R1c2 Rxc2+ 49. Rxc2 b5 50. Rb2 Rf5 51. g4 Re5 52. Kf3 Kf7 53. Kf4 Ke6 54. h5 Rc5 55. Ke4 Rc4+ 56. Kf3 b4 57. Kg3 Ke5 58. Re2+ Re4 59. Rb2 Kf6 60. Kh4 g5+ 61. hxg6 Kxg6 62. Rd2 Re6 63. Rb2 Rb6 64. Rb3 Rb5 65. Kg3 Kg5 66. Kf3 Kf6 67. Kf4 Ke6 68. Rh3 b3 69. Rxh6+ Kf7 70. Rh1 Rb4+ 71. Kf5 b2 72. Rb1 Rb5+ 73. Kf4 Kf6 74. g5+ Kg6 75. Kg4 Rb4+ 76. Kf3 Kf5 77. g6 Rb3+ 78. Ke2 Rg3 79. Kd2 Rxg6 1/2-1/2

[Event "Crawley e2e4 Gatwick op U1950"]
[Site "Crawley"]
[Date "2016.02.21"]
[Round "5"]
[White "Stone, Mark R"]
[Black "Camp, Syringa Lyn"]
[Result "0-1"]
[WhiteElo "1608"]
[BlackElo "1670"]
[PlyCount "148"]
[EventDate "2016.02.19"]
[EventType "swiss"]
[EventRounds "5"]
[EventCountry "ENG"]
[SourceTitle "EXT 2019"]
[Source "ChessBase"]
[SourceDate "2018.10.10"]
[SourceVersion "1"]
[SourceVersionDate "2018.10.10"]
[SourceQuality "1"]

1. e4 c5 2. Nf3 d6 3. Bb5+ Nc6 4. 0-0 a6 5. Bxc6+ bxc6 6. c3 e6 7. d4 c4 8. e5 d5 9. Re1 Be7 10. b3 c5 11. Be3 cxd4 12. Bxd4 Nh6 13. Nbd2 Qc7 14. b4 Nf5 15. a4 Bd7 16. Qc2 0-0 17. Nf1 Nxd4 18. Nxd4 f6 19. f4 fxe5 20. fxe5 Qb6 21. a5 Qa7 22. Qd2 h6 23. Kh1 Rf7 24. Ng3 Raf8 25. Rf1 Bg5 26. Qe2 Bf4 27. Nf3 Bxg3 28. hxg3 Qb8 29. Nh2 Rf5 30. Rxf5 Rxf5 31. Re1 Qf8 32. Rf1 Rxf1+ 33. Nxf1 Qf5 34. g4 Qf4 35. g3 Qc1 36. Qf3 Ba4 37. Kh2 Bd1 38. Qe3 Qc2+ 39. Kh3 Bxg4+ 40. Kxg4 Qf5+ 41. Kh4 Qxf1 42. g4 Qh1+ 43. Kg3 Qf1 44. Qf3 Qe1+ 45. Kg2 Qxe5 46. Kf2 Qd6 47. Qe3 Kf7 48. Kf3 g5 49. Kg2 e5 50. Qa7+ Ke6 51. Qh7 d4 52. Qxh6+ Kd7 53. Qg7+ Kc6 54. b5+ Kxb5 55. Qxg5 d3 56. Qd2 Qd5+ 57. Kf2 Qc5+ 58. Kf1 e4 59. Qb2+ Kxa5 60. Qa2+ Kb6 61. Qb2+ Kc6 62. Qb8 e3 63. Qc8+ Kd6 64. Qf8+ Kc6 65. Qc8+ Kb5 66. Qb7+ Ka5 67. g5 Qf5+ 68. Kg2 Qxg5+ 69. Kf3 Qc5 70. Qb1 e2 71. Qa2+ Kb6 72. Qb1+ Qb5 73. Qg1+ Qc5 74. Qg6+ Qc6+ 0-1

[Event "Sunningdale e2e4 U1800 op 04"]
[Site "Sunningdale"]
[Date "2014.04.18"]
[Round "2"]
[White "Stone, Mark R"]
[Black "Johnson, Elizabeth"]
[Result "0-1"]
[WhiteElo "1582"]
[BlackElo "1428"]
[PlyCount "106"]
[EventDate "2014.04.17"]
[EventType "swiss"]
[EventRounds "7"]
[EventCountry "ENG"]
[SourceTitle "EXT 2015"]
[Source "ChessBase"]
[SourceDate "2014.11.20"]
[SourceVersion "1"]
[SourceVersionDate "2014.11.20"]
[SourceQuality "1"]

1. e4 e5 2. Nf3 Nc6 3. Bb5 Bc5 4. c3 d6 5. d4 exd4 6. cxd4 Bb4+ 7. Bd2 Bxd2+ 8. Nbxd2 Bd7 9. 0-0 Nf6 10. Re1 0-0 11. a3 a6 12. Bd3 Re8 13. h3 Ne7 14. Rc1 c6 15. Bb1 Ng6 16. Qc2 Qc7 17. b4 b6 18. Nc4 c5 19. e5 dxe5 20. dxe5 Nd5 21. bxc5 bxc5 22. Nh4 Rab8 23. Nxg6 fxg6 24. Rcd1 Ne7 25. Nd6 Rf8 26. Qc4+ Kh8 27. Nf7+ Kg8 28. Ng5+ Kh8 29. Qh4 h6 30. e6 Be8 31. Ba2 Nf5 32. Qc4 hxg5 33. e7 Nxe7 34. Qxa6 Rb2 35. Bb1 Rbxf2 36. Rf1 Rxf1+ 37. Rxf1 Rxf1+ 38. Qxf1 Qf4 39. Qe1 Qd6 40. Qf1 Qf6 41. Qe1 c4 42. Bc2 Bc6 43. Qg3 Qf4 44. Qe1 Nf5 45. Bxf5 gxf5 46. Qd1 Qe3+ 47. Kh1 Qf2 48. Qd8+ Kh7 49. Qxg5 Bxg2+ 50. Qxg2 Qxg2+ 51. Kxg2 c3 52. a4 c2 53. a5 c1Q 0-1

[Event "Gatwick e2e4 Major op"]
[Site "Gatwick"]
[Date "2013.10.29"]
[Round "6"]
[White "Sivarajasingam, Venetia"]
[Black "Stone, Mark R"]
[Result "1-0"]
[WhiteElo "1240"]
[BlackElo "1605"]
[PlyCount "75"]
[EventDate "2013.10.26"]
[EventType "swiss"]
[EventRounds "9"]
[EventCountry "ENG"]
[SourceTitle "EXT 2015"]
[Source "ChessBase"]
[SourceDate "2014.11.20"]
[SourceVersion "1"]
[SourceVersionDate "2014.11.20"]
[SourceQuality "1"]

1. e4 d5 2. exd5 Qxd5 3. Nc3 Qa5 4. d4 Nf6 5. Bd2 c6 6. Nf3 Bf5 7. Bc4 e6 8. 0-0 Nbd7 9. Re1 Bb4 10. a3 Bxc3 11. Bxc3 Qc7 12. Qe2 0-0 13. Rad1 Rad8 14. b4 b5 15. Bb3 Ne4 16. Bd2 Nxd2 17. Rxd2 Bg4 18. Qe3 Bxf3 19. Qxf3 a6 20. c3 Nb6 21. Re4 Nd5 22. Rh4 Qe7 23. Rh3 Qg5 24. Rd1 Qf4 25. Bxd5 Qd6 26. Qh5 h6 27. Bb3 Qe7 28. Rdd3 Qg5 29. Qxg5 hxg5 30. Rdg3 g6 31. Rxg5 Kg7 32. Rf3 f6 33. Rc5 Rd6 34. a4 Rfd8 35. h3 e5 36. dxe5 fxe5 37. Rxe5 Rf8 38. Re7+ 1-0

[Event "Gatwick e2e4 Major op"]
[Site "Gatwick"]
[Date "2013.10.27"]
[Round "2"]
[White "Snook Lumb, Chris"]
[Black "Stone, Mark R"]
[Result "0-1"]
[WhiteElo "1648"]
[BlackElo "1605"]
[PlyCount "111"]
[EventDate "2013.10.26"]
[EventType "swiss"]
[EventRounds "9"]
[EventCountry "ENG"]
[SourceTitle "EXT 2015"]
[Source "ChessBase"]
[SourceDate "2014.11.20"]
[SourceVersion "1"]
[SourceVersionDate "2014.11.20"]
[SourceQuality "1"]

1. c4 e5 2. g3 Nf6 3. Bg2 d5 4. cxd5 Nxd5 5. Nf3 Nc6 6. d3 Be7 7. 0-0 Be6 8. b3 0-0 9. Bb2 f6 10. Nbd2 Qd7 11. Re1 Rfd8 12. a3 Nb6 13. Rc1 Bd5 14. Rc3 Nd4 15. e3 Nb5 16. Rc2 Nxa3 17. Bxa3 Bxa3 18. Qa1 Bb4 19. Rec1 c5 20. d4 Bxd2 21. Rxd2 cxd4 22. exd4 e4 23. Ne1 Bxb3 24. Bxe4 Ba4 25. Qb1 h6 26. d5 Rac8 27. Rxc8 Qxc8 28. d6 Kh8 29. Nf3 Bc6 30. Nh4 Bxe4 31. Qxe4 Qc1+ 32. Kg2 Qxd2 33. Ng6+ Kg8 34. Ne7+ Kf7 35. Qg6+ Kf8 36. Nf5 Qd5+ 37. Kh3 Qf7 38. Qg4 Nc4 39. Qd4 Ne5 40. Kg2 Qe6 41. g4 b6 42. Qb4 Kf7 43. Qa3 Rd7 44. h4 Nc4 45. Qa4 Nxd6 46. Nxd6+ Qxd6 47. h5 Qd5+ 48. f3 Qd2+ 49. Kh3 Qd4 50. Qa2+ Qd5 51. Qe2 Re7 52. Qf1 Re3 53. Kg2 a5 54. Qf2 Qxf3+ 55. Qxf3 Rxf3 56. Kxf3 0-1

[Event "High Wycombe e2e4 op U2050"]
[Site "High Wycombe"]
[Date "2013.10.12"]
[Round "3"]
[White "Simpson, Derek"]
[Black "Stone, Mark R"]
[Result "1/2-1/2"]
[WhiteElo "1586"]
[BlackElo "1605"]
[PlyCount "85"]
[EventDate "2013.10.11"]
[EventType "swiss"]
[EventRounds "5"]
[EventCountry "ENG"]
[SourceTitle "EXT 2015"]
[Source "ChessBase"]
[SourceDate "2014.11.20"]
[SourceVersion "1"]
[SourceVersionDate "2014.11.20"]
[SourceQuality "1"]

1. d4 d5 2. Nf3 Nf6 3. c4 c6 4. cxd5 cxd5 5. Nc3 Nc6 6. Bf4 a6 7. e3 Bg4 8. Be2 e6 9. h3 Bxf3 10. Bxf3 Bd6 11. Bxd6 Qxd6 12. 0-0 0-0 13. Rc1 Rac8 14. Qd2 Rc7 15. a3 Rfc8 16. Ne2 Nd7 17. Nc3 f5 18. Na4 Ne7 19. Rxc7 Qxc7 20. Nc3 b5 21. Rc1 Nb6 22. b3 Qd7 23. Be2 Qb7 24. Na2 Rxc1+ 25. Nxc1 Nd7 26. Na2 Qc7 27. Qc1 Qxc1+ 28. Nxc1 Nc6 29. Nd3 Na5 30. Bd1 Nb7 31. Kf1 Nd6 32. f3 g5 33. g4 h6 34. Bc2 Kf7 35. Nc5 Nb8 36. Ke2 Ke7 37. Kd3 a5 38. Kd2 Nc6 39. Bd3 b4 40. a4 Nb8 41. Ke2 Nd7 42. Nxd7 Kxd7 43. Kf2 1/2-1/2

[Event "BCF-ch 5-day op PM Week 1"]
[Site "Torquay"]
[Date "2013.07.29"]
[Round "1.92"]
[White "Stone, Mark R"]
[Black "Greatorex, Roger"]
[Result "0-1"]
[WhiteElo "1596"]
[BlackElo "1890"]
[PlyCount "96"]
[EventDate "2013.07.29"]
[EventType "swiss"]
[EventRounds "5"]
[EventCountry "ENG"]
[SourceTitle "EXT 2023"]
[Source "ChessBase"]
[SourceDate "2022.10.05"]
[SourceVersion "1"]
[SourceVersionDate "2022.10.05"]
[SourceQuality "1"]

1. e4 Nf6 2. e5 Nd5 3. d4 d6 4. c4 Nb6 5. Nf3 Nc6 6. Be2 g6 7. 0-0 Bg7 8. Bf4 0-0 9. Nbd2 Nxd4 10. Nxd4 dxe5 11. Bxe5 Bxe5 12. N2f3 Bg7 13. Qd2 c5 14. Nb3 Qxd2 15. Nfxd2 Bxb2 16. Rab1 Ba3 17. Bf3 Rb8 18. Rfe1 Bf5 19. Be4 Bxe4 20. Nxe4 Na4 21. Rbd1 Rfd8 22. f3 b6 23. Nf2 Bb4 24. Rxe7 Rxd1+ 25. Nxd1 a5 26. Kf1 Kf8 27. Re3 Re8 28. Ke2 b5 29. cxb5 c4 30. a3 Bxa3 31. Nxa5 Bc1 32. Nxc4 Bxe3 33. Ncxe3 Rb8 34. Kd3 Rxb5 35. Ke4 Rb8 36. Kd5 Re8 37. Kd4 f5 38. f4 Re4+ 39. Kd5 Rxf4 40. Ke5 Re4+ 41. Kd5 Nc3+ 42. Nxc3 Rxe3 43. Kd4 Re1 44. Nd5 Re2 45. Nf6 Rxg2 46. h4 Kg7 47. Ne8+ Kh6 48. Ke3 Rg4 0-1

[Event "Amersham e2e4 op"]
[Site "Amersham"]
[Date "2012.05.20"]
[Round "5"]
[White "Sagues, Vincent"]
[Black "Stone, Mark R"]
[Result "1-0"]
[WhiteElo "1957"]
[BlackElo "1610"]
[PlyCount "81"]
[EventDate "2012.05.18"]
[EventType "swiss"]
[EventRounds "5"]
[EventCountry "ENG"]
[SourceTitle "EXT 2013"]
[Source "ChessBase"]
[SourceDate "2012.11.22"]
[SourceVersion "1"]
[SourceVersionDate "2012.11.22"]
[SourceQuality "1"]

1. e4 d5 2. exd5 Qxd5 3. Nc3 Qa5 4. d4 Nf6 5. Nf3 c6 6. Bc4 Bf5 7. 0-0 e6 8. Bd2 Bb4 9. Re1 0-0 10. h3 Nbd7 11. Bb3 Bxc3 12. Bxc3 Qc7 13. Nh4 Bg6 14. Nxg6 hxg6 15. Qf3 Rad8 16. g3 Nb6 17. Rad1 Nbd5 18. Bd2 Qc8 19. Bg5 b5 20. c3 Rde8 21. a4 a6 22. axb5 axb5 23. Ra1 Qb7 24. Kg2 Ra8 25. Rxa8 Rxa8 26. h4 Qc7 27. g4 Nh7 28. Bd2 Rf8 29. Ra1 Qb7 30. g5 f5 31. Rh1 Qe7 32. Re1 Re8 33. Bf4 Nf8 34. Qg3 Nxf4+ 35. Qxf4 Qd7 36. Ra1 Kf7 37. Re1 Re7 38. Qe5 Qc8 39. f4 Qd7 40. Ra1 Qb7 41. Kg3 1-0

[Event "Amersham e2e4 Challengers op"]
[Site "Amersham"]
[Date "2012.05.20"]
[Round "4"]
[White "Stone, Mark R"]
[Black "Homolka, Vincent"]
[Result "1/2-1/2"]
[WhiteElo "1610"]
[BlackElo "1828"]
[PlyCount "76"]
[EventDate "2012.05.18"]
[EventType "swiss"]
[EventRounds "5"]
[EventCountry "ENG"]
[SourceTitle "EXT 2014"]
[Source "ChessBase"]
[SourceDate "2013.11.20"]
[SourceVersion "1"]
[SourceVersionDate "2013.11.20"]
[SourceQuality "1"]

1. e4 d5 2. exd5 Qxd5 3. Nc3 Qa5 4. d4 Nf6 5. Nf3 c6 6. Bc4 Bf5 7. Qe2 e6 8. 0-0 Nbd7 9. Re1 Bb4 10. Bd2 0-0 11. a3 Bxc3 12. Bxc3 Qc7 13. Bd3 Bxd3 14. Qxd3 Rfd8 15. b4 Nb6 16. Bd2 h6 17. c3 Nbd5 18. Qe2 Nd7 19. Ne5 Nxe5 20. Qxe5 Qxe5 21. Rxe5 Nb6 22. Bc1 Rd5 23. Rxd5 cxd5 24. a4 a6 25. a5 Nc4 26. Kf1 Kf8 27. Ke2 Nd6 28. f3 Rc8 29. Kd3 Nb5 30. Bb2 Ke8 31. Rc1 Rc4 32. g3 Kd7 33. Re1 Kc6 34. Ra1 Kd6 35. Re1 Kd7 36. g4 Rc8 37. h4 Nd6 38. Bc1 Re8 1/2-1/2

[Event "Yeovil Minor op"]
[Site "Yeovil"]
[Date "2007.06.17"]
[Round "4"]
[White "Lamb, Ian"]
[Black "Stone, Mark R"]
[Result "1-0"]
[WhiteElo "1296"]
[BlackElo "1240"]
[PlyCount "67"]
[EventDate "2007.06.15"]
[EventType "swiss"]
[EventRounds "5"]
[EventCountry "ENG"]
[SourceTitle "CBM 119 Extra"]
[Source "ChessBase"]
[SourceDate "2007.09.04"]
[SourceVersion "1"]
[SourceVersionDate "2007.09.04"]
[SourceQuality "1"]

1. Nf3 Nf6 2. g3 d5 3. d4 c6 4. Bg2 Bg4 5. 0-0 e6 6. b3 Nbd7 7. Bb2 Be7 8. c4 h5 9. h4 Qc7 10. Nbd2 Bxf3 11. Nxf3 Ne4 12. Bc1 g5 13. hxg5 Bd6 14. c5 Bxg3 15. fxg3 Nxg3 16. Ne5 Nxf1 17. Qxf1 Nxe5 18. Bf4 f6 19. gxf6 Qf7 20. Bxe5 0-0-0 21. b4 Kd7 22. a4 Rhg8 23. b5 Rg5 24. bxc6+ Kxc6 25. Qb1 Rxg2+ 26. Kxg2 a6 27. Qb6+ Kd7 28. Qxb7+ Ke8 29. Qxf7+ Kxf7 30. Rb1 Rc8 31. Rb6 Ra8 32. Rb7+ Kg6 33. c6 Rg8 34. Rg7+ 1-0